Role of digital marketing in customer engagement and business development (Record no. 393722)
[ view plain ]
| 000 -LEADER | |
|---|---|
| fixed length control field | 00545nam a22001937a 4500 |
| 005 - DATE & TIME | |
| control field | 20251027123313.0 |
| 008 - FIXED-LENGTH DATA ELEMENTS--GENERAL INFORMATION | |
| fixed length control field | 251027b |||||||| |||| 00| 0 eng d |
| 040 ## - CATALOGING SOURCE | |
| Original cataloging agency | VIVEKANANDA LIBRARY |
| 082 ## - DDC NUMBER | |
| Classification number | 658.872 |
| Book Number | M748R |
| 100 ## - MAIN ENTRY--PERSONAL NAME | |
| Personal name | Monika |
| 245 ## - TITLE STATEMENT | |
| Title | Role of digital marketing in customer engagement and business development |
| 260 ## - PUBLICATION, DISTRIBUTION, ETC. (IMPRINT) | |
| Name of publisher, distributor, etc | Department of Management, M D University, Rohtak |
| Date of publication, distribution, etc | 2024 |
| 300 ## - PHYSICAL DESCRIPTION | |
| Pages | 206 |
| 650 ## - Subject | |
| Subject | Management |
| 650 ## - Subject | |
| Subject | Digital Marketing |
| 650 ## - Subject | |
| Subject | Customer-Business Development |
| 700 ## - Added Entry Personal Name | |
| Added Entry Personal Name | Kavita |
| 942 ## - ADDED ENTRY ELEMENTS (KOHA) | |
| Koha item type | Thesis |
| Withdrawn status | Lost status | Source of classification or shelving scheme | Damaged status | Not for loan | Location (home branch) | Sublocation or collection (holding branch) | Shelving location | Date acquired | Koha issues (times borrowed) | Koha full call number | Accession No. | Koha date last seen | Copy number | Koha item type |
|---|---|---|---|---|---|---|---|---|---|---|---|---|---|---|
| Dewey Decimal Classification | VIVEKANANDA LIBRARY | VIVEKANANDA LIBRARY | Vivekananda Library | 27/10/2025 | 658.872 M748R | 411133 | 27/10/2025 | R | Thesis |
